Statistics for Overseas Chinese Population

Click here to take the quiz!

General Stats

  • This quiz has been taken 16,068 times
    (15,590 since last reset)
  • The average score is 16 of 21

Answer Stats

People Country % Correct
3,795,000United States
99%
466,000United Kingdom
96%
1,488,000Canada
95%
675,000Japan
94%
400,000Russia
94%
866,000Australia
92%
700,000France
91%
2,833,000Indonesia
88%
971,000Vietnam
88%
798,000South Korea
87%
9,393,000Thailand
85%
6,961,000Malaysia
81%
1,146,000Philippines
76%
2,548,000Singapore
75%
783,000Cambodia
75%
321,000Italy
73%
1,638,000Myanmar
69%
350,000South Africa
52%
300,000Kazakhstan
47%
1,300,000Peru
29%
400,000Venezuela
16%

Score Distribution

Percentile by Number Answered

Percent of People with Each Score

Your Score History

You have not taken this quiz since the last reset